Statistics for Montreal Canadiens first round picks since 2000

Click here to take the quiz!

General Stats

  • This quiz has been taken 76 times
    (17 since last reset)
  • The average score is 15 of 27

Answer Stats

Draft yearPlayer% Correct
2023David Reinbacher
100%
2022Juraj Slafkovsky
100%
2005Carey Price
93%
2019Cole Caufield
93%
2018Jesperi Kotkaniemi
93%
2021Logan Mailloux
93%
2022Filip Mesar
86%
2020Kaiden Guhle
86%
2012Alex Galchenyuk
79%
2014Nikita Scherbak
79%
2007Max Pacioretty
71%
2016Mikhail Sergachev
71%
2013Michael McCarron
64%
2009Louis Leblanc
57%
2015Noah Juulsen
57%
2007Ryan McDonagh
50%
2017Ryan Poehling
50%
2011Nathan Beaulieu
43%
2010Jarred Tinordi
36%
2006David Fischer
29%
2003Andrei Kostitsyn
21%
2002Chris Higgins
14%
2004Kyle Chipchura
14%
2001Alexander Perezhogin
7%
2000Marcel Hossa
7%
2001Mike Komisarek
7%
2000Ron Hainsey
7%

Score Distribution

Percentile by Number Answered

Percent of People with Each Score

Your Score History

You have not taken this quiz since the last reset